000 00804nas a2200277 4500
001 BR9904180
003 BR-BrBNA
005 20231205101535.0
007 ta
008 230509b bl.|||p| |||| 00| 00por d
040 _aBR-BrBNA
_bpor
_cBiblioteca Nacional de Agricultura
041 _a(En)
072 _aL73
100 1 _aFelizzola, C.R.
100 1 _aStopiglia, A.J.
100 1 _aAraujo, N.S.
245 1 _aOral tumors in dogs. Clinical aspects, exfoliative cytology and histopathology
650 _aCao
650 _aCancer
650 _aCitologia
650 _aAnalise de Laboratorio
650 _aDiagnostico
773 0 _tCiencia Rural (Brazil)
_xISSN 0103-8478
_g(Jul-Sep 1999), v. 29(3) p. 499-506
_wBR9904180
909 _a202311
_bLúcia
_c55
_dLúcia Elande
942 _2AGRIS
_n0
_cANA
999 _c162411
_d162411